000 01445nam0a22003731 4500
001 v19\rc\1854475
005 20251118180452.2
035 _a(NLR Aleph) 004986662
090 _a6241744
_c6241744
100 _a20080221d1909 |||y0rusy50 ca
101 1 _arus
_cger
102 _aRU
105 _aa j |||||
200 1 _aУчебник электрохимии
_fД-р Макс Ле-Блан, орд. проф. Лейпциг. ун-та
_gПер. с 4-го доп. изд. студентов К. Смирнова и И. Блоха
_gПод ред. А.А. Титова, прив.-доц. Моск. ун-та
210 _aМосква
_cО-во взаимопомощи студентов естественников Моск. ун-та
_d1909
215 _aVIII, 296 с.
_cчерт.
_d26
300 _aНа обл. дата: 1908
320 _aБиблиогр. в примеч.
700 1 _6z01790
_aЛе-Блан
_bМ. Ю.
_gМакс Юлиус
702 1 _aСмирнов
_bК.
_4730
702 1 _aБлох
_bИ.
_4730
702 1 _aТитов
_bА. А.
_4340
790 1 _6z01700
_aБлан
_bМ. Ю.
_gМакс Юлиус
801 0 _aRU
_bNLR
_gpsbo
801 0 _aRU
_bRuMoRGB
_2psbo
801 1 _aRU
_bProSoft-M
_2rusmarc
852 _aNLR
_j37.32.2.26
899 _aRuMoRGB
_jG 57/155
899 _aRuMoRGB
_jU 400/88
899 _aRuMoRGB
_jU 432/102
899 _aНБ СПбГУ
899 _aНБ МГУ
942 _cBOOK
980 _aNB